| 000 | 02583nam a22003857a 4500 | ||
|---|---|---|---|
| 001 | 100320 | ||
| 003 | KnowledgeUnlatched | ||
| 005 | 20210303105356.0 | ||
| 006 | m o d | ||
| 007 | cr u|||||||||| | ||
| 008 | 210129p20142017ncu o u00| u eng d | ||
| 035 | _a(OCoLC)873034956 | ||
| 037 | _5BiblioBoard | ||
| 245 | 0 | 0 |
_aState of Ambiguity _bCivic Life and Culture in Cuba's First Republic / _cSteven Palmer, José Antonio Piqueras, Amparo Sánchez Cobos. |
| 020 | _a9780822376842 | ||
| 029 | 1 | _ahttps://library.biblioboard.com/ext/api/media/64083ddd-9509-46c4-b70f-c3b48536e9a4/assets/thumbnail.jpg | |
| 040 |
_aScCtBLL _cScCtBLL |
||
| 506 | 0 |
_aAccess copy available to the general public. _fUnrestricted _2star |
|
| 700 | 1 |
_aPalmer, Steven _eeditor. |
|
| 700 | 1 |
_aPiqueras, José Antonio _eeditor. |
|
| 700 | 1 |
_aCobos, Amparo Sánchez _eeditor. |
|
| 264 | 1 | _bDuke University Press, | |
| 300 | _a1 online resource (371 p.) | ||
| 520 | _aCuba's first republican era (1902-1959) is principally understood in terms of its failures and discontinuities, its first three decades and the overthrow of Machado seen at best as a prologue to the "real" revolution of 1959. This book brings together scholars from North America, Cuba, and Spain to challenge this narrative, presenting republican Cuba instead as a time of meaningful engagement- socially, politically, and symbolically. Addressing a wide range of topics- civic clubs and folkloric societies, science, public health and agrarian policies, popular culture, national memory, and the intersection of race and labor- the contributors explore how a broad spectrum of Cubans embraced a political and civic culture of national self-realization. These essays recast the first republic as a time of deep continuity in processes of liberal state- and nation-building that were periodically disrupted- but also reinvigorated- by foreign intervention and profound uncertainty. | ||
| 588 | 0 | _aDescription based on print version record. | |
| 590 | _aKU Select 2016 Backlist Collection | ||
| 650 | 7 |
_aHistory / Caribbean & West Indies / Cuba _2bisacsh |
|
| 650 | 0 | _aHistory | |
| 655 | 0 | _aElectronic books. | |
| 758 |
_iIs found in: _aKnowledge Unlatched _1https://openresearchlibrary.org/module/2774bc74-146a-484f-a7ba-ab1d6a09bbfb |
||
| 856 | 4 | 0 |
_uhttps://openresearchlibrary.org/content/64083ddd-9509-46c4-b70f-c3b48536e9a4 _zView this content on Open Research Library. _70 |
| 999 |
_c25179 _d25179 |
||